Российское гражданское право: учебник

Dades bibliogràfiques
Altres autors: Крылова З. Г. (редактор), Гаврилов Э. П.
Sumari:Исключено из фонда НТБ ТПУ
Idioma:rus
Publicat: Москва, Центр ЮрИнфоР, 2001
Edició:2-е изд.
Col·lecció:Библиотека ЮрИнфоР
Format: MixedMaterials Llibre
KOHA link:https://koha.lib.tpu.ru/cgi-bin/koha/opac-detail.pl?biblionumber=41858

MARC

LEADER 00000nam0a2200000 4500
001 41858
005 20231031014721.0
010 |a 5891580675 
035 |a (RuTPU)RU\TPU\book\43000 
090 |a 41858 
100 |a 20020704d2001 m a0rusy50 ca 
101 0 |a rus 
102 |a RU 
105 |a y j 001zy 
200 1 |a Российское гражданское право  |e учебник  |f Под ред. З. Г. Крыловой, Э. П. Гаврилова 
205 |a 2-е изд. 
210 |a Москва  |c Центр ЮрИнфоР  |d 2001 
215 |a 439 с. 
225 1 |a Библиотека ЮрИнфоР 
333 |a Исключено из фонда НТБ ТПУ 
702 1 |a Крылова  |b З. Г.  |4 340 
702 1 |a Гаврилов  |b Э. П.  |4 340 
801 1 |a RU  |b 63413507  |c 20020704  |g PSBO 
801 2 |a RU  |b 63413507  |c 20220607  |g PSBO 
942 |c BK